S. Chand's Cyber Sync 1; (Record no. 207306)

MARC details
000 -LEADER
fixed length control field 00533 a2200181 4500
005 - DATE AND TIME OF LATEST TRANSACTION
control field 20241202151350.0
010 ## - LCCN (DPL NO)
LC control number B-761312
020 ## - INTERNATIONAL STANDARD BOOK NUMBER
International Standard Book Number 9789364687157
Terms of availability 210.00
035 ## - SYSTEM CONTROL NUMBER
System control number B-761312
037 ## - SOURCE OF ACQUISITION
Source of stock number/acquisition Gift/28.11.24
082 ## - DEWEY DECIMAL CLASSIFICATION NUMBER
Classification number 343
245 ## - TITLE STATEMENT
Title S. Chand's Cyber Sync 1;
Remainder of title Towards Technology Windows 10 MS Office 2019/
260 ## - PUBLICATION, DISTRIBUTION, ETC. (IMPRINT)
Place of publication, distribution, etc U.P.
Name of publisher, distributor, etc S. Chand's
Date of publication, distribution, etc 2023
270 ## - ADDRESS
Address U. P.
300 ## - PHYSICAL DESCRIPTION
Extent 88 p.
Dimensions 27cm (Pb)
942 ## - ADDED ENTRY ELEMENTS (KOHA)
Institution code [OBSOLETE] dpl
Item type Children Books
Source of classification or shelving scheme Dewey Decimal Classification
Classification part 343
Call number suffix CYB
Holdings
Withdrawn status Lost status Not for loan Collection code Home library Current library Date acquired Source of acquisition Cost, normal purchase price Full call number Barcode Copy number Cost, replacement price Koha item type Public note
      Non-fiction Ashok Vihar Ashok Vihar 02/12/2024 Gift/28.11.24 210.00 343 CYB B-761312 1 210.00 Children Books Gift

© Delhi Public Library
Hit Counter
free hit counter